Online Catalogue and eLibrary

Recent political Thought : (Record no. 397)

MARC details
000 -LEADER
fixed length control field 00450nam a22001817a 4500
005 - DATE AND TIME OF LATEST TRANSACTION
control field 20240215001616.0
008 - FIXED-LENGTH DATA ELEMENTS--GENERAL INFORMATION
fixed length control field 240215b |||||||| |||| 00| 0 eng d
082 ## - DDC Classification
DDC Edition Number 22
Class No. 320.
Item Number - Author Mark REC.
100 ## - MAIN ENTRY--PERSONAL NAME
Personal name Mahajan V.D.
245 ## - TITLE STATEMENT
Title Recent political Thought :
Statement of responsibility, etc. V.D. Mahajan.
250 ## - EDITION STATEMENT
Edition statement 7th,
260 ## - PUBLICATION, DISTRIBUTION, ETC.
Place of publication, distribution, etc. New Delhi :
Name of publisher, distributor, etc. S. Chand & Company LTD /
Date of publication, distribution, etc. 1990.
300 ## - PHYSICAL DESCRIPTION
Extent (e.g. Volumes, Pages etc.) xvi, 985.,
650 ## - SUBJECT ADDED ENTRY--TOPICAL TERM
Topical term or geographic name entry element History.
650 ## - SUBJECT ADDED ENTRY--TOPICAL TERM
Topical term or geographic name entry element Political
650 ## - SUBJECT ADDED ENTRY--TOPICAL TERM
Topical term or geographic name entry element Law
942 ## - Koha item type (Biblio)
Koha item type Books in Stacks (Lending)
Holdings
Lost status Damaged status Collection code Home library Current library Date acquired Full call number Accession Number Item type
    Lending WERC Library WERC Library 02/15/2024 320. REC. 521 Books in Stacks (Lending)

© WERC Library